ბათუმის შოთა რუსთაველის სახელმწიფო უნივერსიტეტის ბიბლიოთეკა

JOURNAL OF CELL AND MOLECULAR BIOLOGY / (ბიბ.ჩანაწერი № 62600)

000 -LEADER
fixed length control field 00571nam a22001697a 4500
005 - DATE AND TIME OF LATEST TRANSACTION
control field 20241216121717.0
008 - FIXED-LENGTH DATA ELEMENTS--GENERAL INFORMATION
fixed length control field 241216c2005 enk||||| |||| 00| 0 eng d
022 ## - INTERNATIONAL STANDARD SERIAL NUMBER
International Standard Serial Number 13033646
245 ## - TITLE STATEMENT
Title JOURNAL OF CELL AND MOLECULAR BIOLOGY /
Remainder of title Volume 4 # 1 2005.
260 ## - PUBLICATION, DISTRIBUTION, ETC.
Place of publication, distribution, etc. Istanbul :
Date of publication, distribution, etc. 2005.
300 ## - PHYSICAL DESCRIPTION
Extent V.
653 ## - INDEX TERM--UNCONTROLLED
Uncontrolled term ბიოლოგია
653 ## - INDEX TERM--UNCONTROLLED
Uncontrolled term უჯრედის ბიოლოგია
653 ## - INDEX TERM--UNCONTROLLED
Uncontrolled term ბიოქიმია და მოლეკულური ბიოლოგია
653 ## - INDEX TERM--UNCONTROLLED
Uncontrolled term პერიოდიკა
942 ## - ADDED ENTRY ELEMENTS (KOHA)
Source of classification or shelving scheme
Koha item type პერიოდიკა
ეგზემპლარები
Withdrawn status Lost status Source of classification or shelving scheme Damaged status Not for loan Permanent Location Current Location Shelving location Date acquired Serial Enumeration / chronology Barcode Date last seen Copy number Price effective from Koha item type
          ბათუმის შოთა რუსთაველის სახელმწიფო უნივერსიტეტის მთავარი ბიბლიოთეკა ბათუმის შოთა რუსთაველის სახელმწიფო უნივერსიტეტის მთავარი ბიბლიოთეკა წიგნსაცავი 2024-12-16 Volume 4 #1 2005 81347 2024-12-16 81347 2024-12-16 პერიოდიკა